Jak uplatňovat vlastnická práva aneb akcionáři na fotbalovém hřišti. S Prof. ing. Miroslavem Tučkem, CSc., o řízení a správě akciových společností.
Problematika efektívneho podnikania súkromných podnikov, úlohy kolektívnych orgánov stojacich na čele obchodných podnikov, fungovania účastinných spoločností, platov manažérov, manažérskych účastín, vzťahov medzi predstavenstvom a dozorčou radou, postavenia predstaviteľov IPF a význam investičných f...
Gespeichert in:
| 1. Verfasser: | |
|---|---|
| Weitere Verfasser: | , |
| Format: | Buchkapitel |
| Sprache: | Tschechisch |
| Schlagworte: | |
| Tags: |
Keine Tags, Fügen Sie das erste Tag hinzu!
|
MARC
| LEADER | 00000naa a2200000 4500 | ||
|---|---|---|---|
| 001 | r007350 | ||
| 005 | 20220831083714.1 | ||
| 041 | 0 | |a cze | |
| 044 | |a [CS] | ||
| 245 | 1 | 0 | |a Jak uplatňovat vlastnická práva aneb akcionáři na fotbalovém hřišti. |b S Prof. ing. Miroslavem Tučkem, CSc., o řízení a správě akciových společností. |c M. Tuček, J. Urban, I. Šatavová |
| 520 | |a Problematika efektívneho podnikania súkromných podnikov, úlohy kolektívnych orgánov stojacich na čele obchodných podnikov, fungovania účastinných spoločností, platov manažérov, manažérskych účastín, vzťahov medzi predstavenstvom a dozorčou radou, postavenia predstaviteľov IPF a význam investičných fondov. | ||
| 610 | 2 | 0 | |a spoločnosti akciové |
| 610 | 2 | 0 | |a pracovníci vedúci |
| 610 | 2 | 0 | |a akcie |
| 610 | 2 | 0 | |a vlastníctvo |
| 610 | 2 | 0 | |a ČSFR |
| 610 | 2 | 0 | |a riadenie podnikové |
| 610 | 2 | 0 | |a rady dozorné |
| 100 | 1 | |a Tuček, M. | |
| 700 | 1 | |a Urban, J. | |
| 700 | 1 | |a Šatavová, I. | |